| 000 | 00601nam a2200193Ia 4500 | ||
|---|---|---|---|
| 008 | 140626s9999 xx 000 0 und d | ||
| 100 | _aPsaila, Andrew. | ||
| 245 |
_aCounselling men : _bthe role of self-concealment, Alexithymia and affect regulation in psychological well-being / _cAndrew Psaila ... [et al.]. |
||
| 260 | _cc2011. | ||
| 300 | _a4 : 1, page 34 | ||
| 440 | _aJournal of Counselling | ||
| 521 | _aPSYCH | ||
| 650 | _aAlexithymia. | ||
| 650 | _aGender role conflict and strain. | ||
| 650 | _aInhibition. | ||
| 650 | _aMasculinity. | ||
| 650 | _aPsychoanalysis. | ||
| 942 | _cSE | ||
| 999 |
_c121362 _d121362 |
||